| 000 | 01085nam a2200229Ii 4500 | ||
|---|---|---|---|
| 003 | JO-AjNU | ||
| 008 | 230605s9999||||xx |||||||||||||| ||und|| | ||
| 017 | _a2021/9/5056 | ||
| 020 | _a978-9923-15-121-1 | ||
| 040 |
_aJO-AjNU _bara _erda _cJO-AjNU |
||
| 041 | _aara | ||
| 050 | 1 | 4 | _aKMM89.75.2022 |
| 100 | 3 |
_aالخصيلات، عبد الله احمد, _eauthor _962785 |
|
| 245 | 0 | 0 | _aالتطبيقات القضائية: قانون اصول المحاكمات المدنية والتجارية، قانون المالكين والمستأجرين، القضايا التنفيذية، القانون التجاري، معاملات كاتب العدل، تشريعات المحامين، صيغ عقود واتفاقيات |
| 250 | _aط1 | ||
| 264 | 3 | 1 | _aعمان: دار الثقافة للنشر والتوزيع، 2022 |
| 300 | _a312ص | ||
| 336 |
_atext _btxt _2rdacontent |
||
| 337 |
_aunmediated _bn _2rdamedia |
||
| 338 |
_avolume _bnc _2rdacarrier |
||
| 650 | 4 |
_aالمالكين والمستأجرين-القضاء-القانون الجنائي-القانون _962786 |
|
| 999 |
_aA28447 _c32015 _d32015 |
||